| 000 | 00857nam a2200265Ia 4500 | ||
|---|---|---|---|
| 003 | OSt | ||
| 005 | 20220930080956.0 | ||
| 006 | a|||||r|||| 00| 0 | ||
| 007 | ta | ||
| 008 | 220926b |||||||| |||| 00| 0 eng d | ||
| 024 | _a100596 | ||
| 037 | _cTheses | ||
| 040 |
_aCRL _cCRL _beng |
||
| 041 |
_2eng _aeng |
||
| 100 |
_aSavita Kumari _9540331 |
||
| 110 | _aUniversity of Delhi. Faculty of Sciences. Department of Chemistry | ||
| 245 | 0 | _aEffect of ligand architecture on th estructure and properties of nickel complexes with amide - based macrocyclic ligands | |
| 260 | _c2009 | ||
| 300 |
_a235 _ap. _ccm. |
||
| 650 | _aCHEMISTRY | ||
| 700 |
_a Dr. Rajeev Gupta Gu. _9539312 |
||
| 700 | _aUniversity of Delhi. Faculty of Sciences. Department of Chemistry | ||
| 942 |
_cDIS _2CC |
||
| 999 |
_c870742 _d870742 |
||